01129nam a2200313Ia 450000500170000000800410001702000180005804100080007610000260008424500700011025000220018030000520020249000290025450000580028352100350034165000510037665000510042765000370047865000330051565000350054865000350058370000400061826400230065833600270068133700330070833800280074104000350076908400110080420220317001818.0170328s2013 c a g 000 j s  a9789587058857 aspa1 aReyes, Yolandad1959-10aExamen de miedocYolanda Reyes ; ilustraciones de Rafael Yockteng aPrimera edición a52, [3] páginasbilustraciones a colorc20 cm aEl barco de vapor : azul aIncluye datos biográficos de la autora e ilustrador aRecomendado desde los 6 años142LEMBaCuentos infantiles colombianosySiglo XX142LEMBaLiteratura infantil colombianaySiglo XX142LEMBaAventuras en la literatura142LEMBaMiedo en la literatura142LEMBaAmistad en la literatura142LEMBaNiños en la literatura1 aYockteng, Rafaeld1976-eilustrador aBogotábSMc2013 atextobtxt2rdacontent asin mediaciónbn2rdamedia avolumenbnc2rdacarrier aCO-BoRNBPbspaerdacCO-BoRNBP aC REY3